| 000 | 00642nam a2200193 u 4500 | ||
|---|---|---|---|
| 001 | 000637489 | ||
| 003 | AM-YeHGA | ||
| 005 | 20250617140703.0 | ||
| 008 | 090302s1962 ||| r 000 0 rus d | ||
| 040 | _aAM-YeHGA | ||
| 041 | 0 | _arus | |
| 100 | 1 | _aРыбаков, Михаил Владимирович | |
| 245 | 1 | 0 |
_aПротив Деникина / _cМ. В. Рыбаков. |
| 260 |
_aМосква : _bПолитиздат, _c1962. |
||
| 300 |
_a64 с. : _bил. |
||
| 440 | 0 | _aСтраницы истории Советской Родины | |
| 653 | 0 | _aГражданская война 1918 г. - История | |
| 090 | _c226184 | ||
| 999 |
_c224644 _d224644 |
||